Регионална библиотека "Любен Каравелов" - Русе

Икономика на държавния сектор (Запис номер 15295)

MARC детайли
000 -Лидер
Контролно поле с фиксирана дължина 01745nam a2200373 c 4500
003 - Код на организацията, давaща контролен номер
Контролно поле BLK
005 - Дата и час на последна редакция
Контролно поле 20180420215036.0
008 - Елементи от данни с фиксирана дължина
fixed length control field 180413b bul|||||r ||||||| ||bul||
010 ## - Наследен системен номер
LC control number KNG00017065000
020 ## - Международен стандартен номер на книга ISBN
Международен стандартен номер на книга ISBN 954-494-212-2
-- издат.: Унив. изд. Стопанство
040 ## - Източник на каталожния запис
Идентификатор на билиотеката - собственик на записа BLK
041 ## - Код за език
Код за езика на текст/звукозапис или на отделно заглавие Български
Код за езика КДБФ Български
080 ## - УДК
Текстов определител УДК Намеса на държавата в пазарното стопанство. Вж и 338.246
УДК код - определител по УДК 338.242.4
УДК определител (73)(075.8)
УДК - код + определител 338.242.4(73)(075.8)
100 1# - Редна дума - Автор
Автор Стиглиц, Джоузеф Е.
Авторска отговорност първи автор
R(LIN) 124671
139 ## - Редно поле
Редна дума Стиглиц, Джоузеф Е.
Авторски знак Сти - С 76
245 10 - Сведения за заглавието
Заглавие Икономика на държавния сектор
Подзаглавни данни Учебник за студентите от ИУ
Редно поле (дума) Джоузеф Е. Стиглиц; прев. от англ. Елена Желева.
257 ## - Страна на издаване
Страна на създаване/издаване Съединени американски щати
260 ## - Област на издателските данни
-- София
Име на издателя, разпространителя и проч. Унив. изд. Стопанство
Година на издаване 1996
300 ## - Физическа характеристика
Страници 849 с.
Илюстрации и др. с табл., диагр.
Размери/Мащаб 23 см
380 ## - Жанр
Жанр Обществени науки
500 ## - Общи забележки
Забележка Ориг. загл. Economics of the public sector / Joseph E. Stiglitz. - Изд. на УНСС - София. - 500 тир. - Азб. показалец.
650 #4 - Допълнително описание по предмет – тема
Основно описание – тема или топоним Икономическа политика - САЩ - учебници за ВУЗ
9 (RLIN) 260096
650 #4 - Допълнително описание по предмет – тема
Основно описание – тема или топоним Стопанство - САЩ - учебници за ВУЗ
9 (RLIN) 260097
653 ## - Ключова дума – ненормативна
Ключова дума икономика
653 ## - Ключова дума – ненормативна
Ключова дума икономическа политика
653 ## - Ключова дума – ненормативна
Ключова дума държавен сектор
653 ## - Ключова дума – ненормативна
Ключова дума учебници за ВУЗ
700 1# - Други автори (авторска отговорност)
Лично име Желева, Елена
Автороска отговорност (Описва отношението между автора и произведението) прев. от англ.
9 (RLIN) 241560
852 ## - Местоположение
Форматна сигнатура Цб 192397
856 4# - Електронен адрес и достъп
Електронен формат pdf - файл
Път до файла /url/
856 4# - Електронен адрес и достъп
Електронен формат pdf - файл
Път до файла /url/
942 ## - АРТИКУЛИ
Вид на библиотечния материал Книги
Скрит в OPAC Не
944 ## - СЪЗДАВАНЕ И РЕДАКЦИЯ на ЗАПИСА
Създаване/Редакция Създаване
Дата на регистрацията/редакция 15.01.2003
Служител, извършил регистрацията/редакцията Кети_Илиева
944 ## - СЪЗДАВАНЕ И РЕДАКЦИЯ на ЗАПИСА
Създаване/Редакция Редакция
Дата на регистрацията/редакция 23.11.2012
Служител, извършил регистрацията/редакцията
999 ## - СИСТЕМНИ КОНТРОЛНИ НОМЕРА
Koha biblionumber 15295
Koha biblioitemnumber 15295
Наличности
Код за отписване Код за изгубен артикул Източник на класификационната схема Код за повреда Коз за рестрикции Код за отдаване Артикулен № Име на библиотеката - собственик Име на библиотеката, в която се намира в момента Статус (Текущо местоположение) Дата на вписване в системата Местоположение - отдел Цена в лева Инвентарен номер Систематично азбучна сигнатура Баркод Номер на екземпляра Цена в евро Служебна бележка Служебен тип на артикула
  Не е изгубен Universal Decimal Classification Не е повреден без рестрикции ползва се в читалня 25985 Регионална библиотека "Любен Каравелов" Русе Регионална библиотека "Любен Каравелов" Русе Читалня 2001-01-01 Читалня 2.80 631370 Ч 338/С 76 120000631370 1 1.43 Дост: Pk Вид: Ф N: стар фонд Дата: 01.01.1996 Дата инв: 23.03.2017 Бележки инв: Ч2017 Книги
  Не е изгубен Universal Decimal Classification Не е повреден без рестрикции ползва се в читалня 25986 Регионална библиотека "Любен Каравелов" Русе Регионална библиотека "Любен Каравелов" Русе Хранилище 2001-01-01 Хранилище 0.00 631777 Цб 192397 120000631777 2 0.00 Дост: Dp Вид: Д N: 17 Дата: 01.01.1996 Книги
Vip Innovations Ltd, Rousse, Bulgaria 2025